| 000 | 00858nam a2200253 a 4500 | ||
|---|---|---|---|
| 999 |
_c12350 _d12350 |
||
| 001 | 12350 | ||
| 003 | BD-JhCC | ||
| 005 | 20211102122307.0 | ||
| 008 | 211102b2017 bg a|||| ||a| 000 0 Ben d | ||
| 020 | _a9789849235668 | ||
| 035 | _a(BD-JhCC)12350 | ||
| 040 |
_aBD-JhCC _dBD-JhCC |
||
| 041 | _abengali | ||
| 082 |
_a598.03 _bMIN 2017 |
||
| 245 |
_aমিনি বিশ্বকোষ পাখি / _cসম্পা: মঈন আহমেদ, সংক: মনন মঈন শুদ্ধ, মালিহা আহমেদ। |
||
| 260 |
_aঢাকা: _bসময়; _c২০১৭. |
||
| 300 |
_a335 p. : _bill; _c21 cm. |
||
| 650 | _aBirds---Encyclopedia | ||
| 700 | _aআহমেদ,মঈন | ||
| 700 | _aশুদ্ধ,মনন মঈন | ||
| 700 | _a আহমেদ,মালিহা | ||
| 942 |
_2ddc _cBK |
||